Comentario de textos: los mecanismos referenciales

Saved in:
Bibliografiske detaljer
Hovedforfatter: Cuenca, María Josep (autora)
Format: Bog
Sprog:spansk
Udgivet: Madrid Arco Libros 2000
Serier:Colección Comentario de Textos, 12
Fag:
Tags: Tilføj Tag
Ingen Tags, Vær først til at tagge denne postø!

MARC

LEADER 00000nam a2200000 a 4500
001 UCM7475
003 CL-VaPUC
008 021220e20000000SP |||||||||||||||||spa|d
082 0 4 |a 401.41  |b JOS  |2 21 
100 |a Cuenca, María Josep  |e autora  |9 453654 
245 1 0 |a Comentario de textos: los mecanismos referenciales 
300 |a 92 p 
942 |c BK 
945 |d 20021220 00:00:00  |a cmena 
260 |a Madrid  |b Arco Libros  |c 2000 
650 0 |a Análisis del discurso  |9 256696 
650 0 |a Textos escritos  |9 453620 
650 0 |a Sintaxis  |9 318843 
650 0 |a Semántica  |9 265318 
583 |a last modification  |c 20021220 00:00:00  |k Rodrigo Vera 
490 0 |a Colección Comentario de Textos, 12 
999 |c 302266  |d 302264 
952 |0 0  |1 0  |4 0  |6 401_410000000000000_JOS_2000  |7 0  |8 A  |9 362424  |a FDOPOS  |b BIBEDU  |d 2019-11-21  |i 3869644  |l 1  |o 401.41 JOS 2000  |p 3869644  |r 2025-01-22  |s 2023-10-04  |w 2019-11-21  |y BK  |k MLA 
952 |0 0  |1 0  |4 0  |6 401_410000000000000_JOS_2000  |7 0  |8 A  |9 362425  |a FDOPOS  |b FDOPOS  |d 2019-11-21  |i 3920518  |o 401.41 JOS 2000  |p 3920518  |r 2025-01-22  |w 2019-11-21  |y BK  |k MLA